[Event "45th Olympiad 2024"]
[Site "Budapest HUN"]
[Date "2024.09.15"]
[Round "5.25"]
[Board "2"]
[White "Elbilia, Jacques"]
[Black "Nguyen, Thai Dai Van"]
[Result "0-1"]
[WhiteElo "2343"]
[BlackElo "2647"]
[PlyCount "96"]
[EventDate "2024.09.11"]
[WhiteTeam "Morocco"]
[BlackTeam "Czech Republic"]
[WhiteTeamCountry "MAR"]
[BlackTeamCountry "CZE"]

1. d4 Nf6 2. c4 e6 3. Nc3 d5 4. cxd5 exd5 5. Bg5 Be7 6. e3 h6 7. Bh4 Bg4 8. Qc2 O-O 9. h3 Be6 10. Nf3 ({RR} 10. Rd1 Ne8 11. Bxe7 Qxe7 12. Bd3 Nd6 13. Nge2 Nd7 14. O-O c6 15. f3 f5 16. Rde1 Rae8 17. Nf4 Qf6 18. Qf2 Bf7 19. Bc2 a5 20. b3 b5 21. Qd2 g5 22. Nfe2 Bg6 23. Nd1 Qd8 24. Nf2 Re6 {1-0 Nguyen,T (2650)-Pranav,A (2532) 7th Sharjah Masters 2024 (1.23)}) 10... Ne8 11. Bg3 Bd6 12. Bxd6 $146 ({RR} 12. Ne5 Nc6 13. Nxc6 bxc6 14. Bxd6 cxd6 15. Be2 Qg5 16. Bf3 Rb8 17. Ne2 Rb6 18. Nf4 Bf5 19. Qc3 Be4 20. Bxe4 dxe4 21. O-O Nf6 22. Qa3 Nd5 23. Qxa7 Rxb2 24. Qa3 Rfb8 25. Qxd6 Nxf4 26. exf4 Qd5 {½-½ Nesterov,A (2602)-Sokolovsky,Y (2516) 57th Biel Master Open 2024 (5.5)}) ({RR} 12. Ne5 Nc6 13. Be2 Ne7 14. Bg4 Qc8 15. Ne2 Bxg4 16. Nxg4 Bb4+ 17. Kf1 Bd6 18. Kg1 c6 19. Nh2 Nf5 20. Nf1 Nxg3 21. Nfxg3 g6 22. Nf1 h5 23. g3 Ng7 24. Kg2 Re8 25. Nd2 Nf5 26. Qd3 Re7 {½-½ Akbas,U (2447)-Antal,G (2559) 17th Paracin Open A 2024 (7.3)}) ({RR} 12. Ne5 Nc6 13. Nxc6 bxc6 14. Bxd6 cxd6 15. Bd3 Qg5 16. f4 Qe7 17. f5 Bd7 18. Qf2 Nf6 19. O-O-O c5 20. g4 Rfc8 21. Qf4 Qd8 22. Rhg1 cxd4 23. Qxd4 Qa5 24. g5 hxg5 25. Rxg5 Rxc3+ 26. bxc3 Qa3+ {½-½ Osmak,Y (2445)-Garcia Martin,M (2306) 23rd ch-EUR Indiv w 2023 (5.8)}) 12... Nxd6 13. Bd3 Nd7 14. Ne5 Rc8 15. O-O c5 16. Nxd7 Qxd7 17. dxc5 Rxc5 18. f4 Bf5 19. Rad1 Re8 20. Rfe1 Be4 21. Qa4 Qc6 22. Bxe4 Nxe4 23. Qxc6 bxc6 24. Nxe4 Rxe4 25. Kf2 Rec4 26. Re2 Kf8 27. Rd4 Rxd4 28. exd4 Rc1 29. Ke3 h5 30. Kd3 h4 31. Re5 Rd1+ 32. Kc3 Rc1+ 33. Kd3 Rf1 34. Rh5 Kg8 35. Re5 Kf8 36. Rh5 Rxf4 37. Rh8+ Ke7 38. Ra8 Rf2 39. Rxa7+ Ke6 40. Rc7 Rxb2 41. Rxc6+ Kd7 42. Ra6 Rxg2 43. Ke3 g5 44. Rf6 Rg3+ 45. Ke2 Ke7 46. Rf5 f6 47. Rxd5 Rxh3 48. Ra5 Rc3 0-1

[Event "45th Olympiad 2024"]
[Site "Budapest HUN"]
[Date "2024.09.15"]
[Round "5.25"]
[Board "3"]
[White "Krejci, Jan2"]
[Black "Moayad, Anas"]
[Result "1-0"]
[WhiteElo "2556"]
[BlackElo "2016"]
[PlyCount "51"]
[EventDate "2024.09.11"]
[WhiteTeam "Czech Republic"]
[BlackTeam "Morocco"]
[WhiteTeamCountry "CZE"]
[BlackTeamCountry "MAR"]

1. c4 Nf6 2. Nc3 c5 3. g3 Nc6 4. Bg2 g6 5. e4 Bg7 6. Nge2 d6 7. d3 Rb8 ({RR} 7... h5 8. h3 e5 9. f4 Be6 10. O-O Qd7 11. Kh2 Nh7 12. Nd5 O-O-O 13. Nec3 Kb8 14. Rb1 h4 15. g4 exf4 16. Bxf4 Be5 17. Qd2 Bxf4+ 18. Qxf4 Ne5 19. b4 Nxd3 20. Qe3 Ne5 21. bxc5 Rc8 22. Rb5 {1-0 Berkes,F (2678)-Votava,J (2579) Olympiad-39 Khanty-Mansiysk 2010 (3.4)}) 8. h3 a6 9. a4 Nd4 $146 ({RR} 9... h5 10. Be3 Nd7 11. O-O h4 12. g4 Bd4 13. Bg5 f6 14. Bc1 e5 15. Nxd4 Nxd4 16. f4 exf4 17. Bxf4 Ne5 18. Nd5 O-O 19. Bxe5 dxe5 20. Qd2 Kg7 21. g5 fxg5 22. b4 cxb4 23. Rxf8 Kxf8 24. Rf1+ {0-1 Brozel,S (2124)-Kalavannan,K (2265) IV Mindsports Int Open 2024 (2.21)}) 10. Nxd4 cxd4 11. Ne2 Nd7 12. O-O O-O 13. f4 b5 14. cxb5 axb5 15. a5 b4 16. e5 dxe5 17. a6 Nb6 18. fxe5 Bxe5 19. Bh6 Re8 20. Nf4 e6 21. a7 Ra8 22. Bxa8 Nxa8 23. Qf3 Qe7 24. Qe4 Bh8 25. Qxa8 Bb7 26. Qb8 1-0

[Event "45th Olympiad 2024"]
[Site "Budapest HUN"]
[Date "2024.09.15"]
[Round "5.25"]
[Board "4"]
[White "NAIT ELASRI BRAHIM"]
[Black "Vykouk, Jan"]
[Result "0-1"]
[WhiteElo "1994"]
[BlackElo "2483"]
[PlyCount "91"]
[EventDate "2024.09.11"]
[WhiteTeam "Morocco"]
[BlackTeam "Czech Republic"]
[WhiteTeamCountry "MAR"]
[BlackTeamCountry "CZE"]

1. e4 c5 2. Nf3 d6 3. Bb5+ Nd7 4. O-O a6 5. Bxd7+ Bxd7 6. d4 cxd4 7. Qxd4 e5 8. Qd3 h6 9. b3 Nf6 10. c4 b5 11. Nfd2 ({RR} 11. Nc3 bxc4 12. bxc4 Be7 13. Be3 O-O 14. Rab1 Be6 15. Nd2 Qa5 16. Bb6 Qa3 17. Rb3 d5 18. Rxa3 dxe4 19. Ncxe4 Nxe4 {1-0 Wei,Y (2732)-Salinas Herrera,P (2441) Titled Tuesday intern op 6th June blitz 2017 (7)}) 11... Qb8 12. Nc3 Be7 13. Bb2 $146 ({RR} 13. a4 bxa4 14. Nxa4 O-O 15. Nc3 Rc8 16. Ba3 a5 17. Rfd1 Rc6 18. Rab1 Rb6 19. Na4 Rb7 20. Qc2 Qc7 21. Nf1 Bxa4 22. bxa4 Rxb1 23. Rxb1 Qc6 24. f3 Bd8 25. Qb3 Nd7 26. Qb5 Bb6+ 27. Kh1 Rc8 {½-½ Klinova,M (2291)-Ushenina,A (2492) EU-chT (Women) 19th 2013 (4.2)}) ({RR} 13. a4 bxc4 14. Nxc4 O-O 15. Ba3 Rc8 16. Rab1 Be6 17. Rfc1 Rd8 18. Ne3 Qb7 19. Ncd5 Nxd5 20. Nxd5 Bxd5 21. Qxd5 Rab8 22. Rc6 Rd7 23. b4 Kh7 24. g3 Qa8 25. Rbc1 Bg5 26. R1c3 Rbb7 27. Kg2 Qa7 {1-0 Nazari,A (2287)-Nechaeva,M (2372) Titled Tuesday intern op 15th Feb Early blitz 2022 (5)}) 13... O-O 14. Nd5 Nxd5 15. cxd5 Bg5 16. Nf3 Bd8 17. Nd2 Bg5 18. Nf3 b4 19. Rfe1 Bb5 20. Qd1 Bd8 21. Qc2 Qc8 22. Qxc8 Rxc8 23. Rac1 Bb6 24. g4 Bd7 25. h3 h5 26. Nh2 hxg4 27. hxg4 g6 28. g5 Rxc1 29. Rxc1 f5 30. gxf6 Rxf6 31. Rc2 Rf4 32. Kg2 Rxe4 33. f3 Re1 34. Nf1 Bf5 35. Rd2 e4 36. Ng3 Rg1+ 37. Kh2 exf3 38. Bd4 Bxd4 39. Rxd4 Rg2+ 40. Kh1 Rxg3 41. Rf4 Kg7 42. Kh2 Rg2+ 43. Kh1 Rxa2 44. Kg1 f2+ 45. Rxf2 Rxf2 46. Kxf2 0-1

[Event "45th Olympiad 2024"]
[Site "Budapest HUN"]
[Date "2024.09.15"]
[Round "5.26"]
[Board "1"]
[White "Theodorou, Nikolas"]
[Black "Kulaots, Kaido"]
[Result "1-0"]
[WhiteElo "2619"]
[BlackElo "2506"]
[PlyCount "57"]
[EventDate "2024.09.11"]
[WhiteTeam "Greece"]
[BlackTeam "Estonia"]
[WhiteTeamCountry "GRE"]
[BlackTeamCountry "EST"]

1. e4 c5 2. Nf3 d6 3. d4 cxd4 4. Nxd4 Nf6 5. Nc3 a6 6. f4 e5 7. Nf3 Nbd7 8. a4 Qc7 9. g4 ({RR} 9. a5 Nc5 10. Nd5 Nxd5 11. exd5 Be7 12. b4 Ne4 13. c4 exf4 14. Bd3 f5 15. Bxf4 O-O 16. O-O b6 17. Be3 bxa5 18. Rxa5 Rb8 19. Qa4 Bd8 20. Nd4 Bd7 21. Nc6 Bxc6 22. dxc6 Qe7 23. Bd4 Nc3 {½-½ Tari,A (2637)-Saric,I (2690) Maplewood Inv 2024 (8.1)}) 9... d5 10. g5 d4 $146 ({RR} 10... dxe4 11. gxf6 exf3 12. fxg7 Bxg7 13. Qxf3 Nf6 14. Rg1 Bh6 15. Be3 Bd7 16. O-O-O O-O-O 17. fxe5 Bxe3+ 18. Qxe3 Rde8 19. Re1 Ng4 20. Rxg4 Bxg4 21. Nd5 Qc6 22. Nf6 Bf5 23. Qf2 Be6 24. Nxe8 Rxe8 25. Qh4 {½-½ Sokolovsky,Y (2522)-Zuferi,E (2394) 51st Sparkassen Open A 2024 (6.5)}) 11. gxf6 dxc3 12. fxg7 Bxg7 13. f5 b6 14. b3 Bb7 15. Bc4 h6 16. Ba3 Bf8 17. Bxf8 Rxf8 18. Qe2 Qc5 19. Rd1 Nf6 20. Rg1 Ke7 21. Rg7 b5 22. axb5 axb5 23. Bd5 Bxd5 24. exd5 e4 25. b4 Qxb4 26. Nd4 Qc4 27. Qe3 Nxd5 28. Qxh6 Nf6 29. Qf4 1-0

[Event "45th Olympiad 2024"]
[Site "Budapest HUN"]
[Date "2024.09.15"]
[Round "5.26"]
[Board "2"]
[White "Volodin, Aleksandr"]
[Black "Kourkoulos-Arditis, Stamatis"]
[Result "0-1"]
[WhiteElo "2457"]
[BlackElo "2570"]
[PlyCount "82"]
[EventDate "2024.09.11"]
[WhiteTeam "Estonia"]
[BlackTeam "Greece"]
[WhiteTeamCountry "EST"]
[BlackTeamCountry "GRE"]

1. d4 Nf6 2. c4 g6 3. Nf3 Bg7 4. g3 O-O 5. Bg2 d6 6. O-O Nbd7 7. Qc2 e5 8. Nc3 exd4 9. Nxd4 Nb6 10. Rd1 Nxc4 11. Ncb5 a6 12. Qxc4 axb5 13. Nxb5 Ne8 14. Qb4 ({RR} 14. Qc2 Bf5 15. e4 Bg4 16. f3 Bd7 17. Nc3 Nf6 18. Be3 Re8 19. Re1 Bc6 20. Rad1 Nd7 21. Qd2 Ne5 22. Qc2 b5 23. a3 Qb8 24. f4 Nc4 25. Bc1 b4 26. axb4 Qxb4 27. Kh1 Rab8 28. Re2 Na5 {0-1 Mamedyarov,S (2764)-Grischuk,A (2777) FIDE Steinitz Memorial blitz 2020 (8)}) 14... Bd7 15. Bf4 Bc6 16. a4 Nf6 $146 ({RR} 16... Qe7 17. Rac1 Bxg2 18. Kxg2 Qxe2 19. Rd2 Qe6 20. Nxc7 Nxc7 21. Rxc7 d5 22. Re7 Qc6 23. Qxb7 Qxa4 24. Qxd5 Ra5 25. Qf3 Rf5 26. b3 Qa5 27. Red7 Rf6 28. R2d6 Qa1 29. Rxf6 Qxf6 30. Qd5 h6 31. Rd6 {1-0 Jepson,C (2381)-Sahl,B (2219) Copenhagen CC IM 2024 (6.1)}) 17. Rac1 Ra6 18. e4 Nd7 19. b3 Re8 20. h4 h6 21. Rc2 Ne5 22. Nd4 Kh7 23. Qd2 Bd7 24. Rdc1 c6 25. Rd1 Bg4 26. f3 c5 27. Bxe5 Bxe5 28. Nb5 Be6 29. f4 Bg7 30. Qd3 d5 31. Kh2 Qe7 32. f5 dxe4 33. Bxe4 Bxb3 34. fxg6+ fxg6 35. Bxg6+ Rxg6 36. h5 Bf7 37. Rf2 Qg5 38. hxg6+ Bxg6 39. Qd5 Re5 40. Qd8 Qe3 41. Kg2 Be4+ 0-1

[Event "45th Olympiad 2024"]
[Site "Budapest HUN"]
[Date "2024.09.15"]
[Round "5.26"]
[Board "3"]
[White "Papaioannou, Ioannis"]
[Black "Seeman, Tarvo"]
[Result "1-0"]
[WhiteElo "2615"]
[BlackElo "2375"]
[PlyCount "91"]
[EventDate "2024.09.11"]
[WhiteTeam "Greece"]
[BlackTeam "Estonia"]
[WhiteTeamCountry "GRE"]
[BlackTeamCountry "EST"]

1. e4 c5 2. Nf3 Nc6 3. Bb5 d6 4. O-O Bd7 5. Re1 a6 6. Bxc6 Bxc6 7. d4 cxd4 8. Nxd4 Rc8 9. c4 Nf6 10. Nc3 g6 11. f3 Bg7 12. Be3 O-O 13. Rc1 ({RR} 13. Qd2 Nd7 14. Rad1 Nc5 15. b3 Ne6 16. Nxe6 fxe6 17. Bh6 b5 18. Bxg7 Kxg7 19. cxb5 axb5 20. Ne2 Qb6+ 21. Kh1 e5 22. Qg5 Rf6 23. Ng3 h6 24. Nh5+ Kf7 25. Qg4 gxh5 26. Qxc8 Rg6 27. Rd2 Bb7 {1-0 Kovalev,V (2579)-Kochiev,I (2051) Titled Tue 16th Jan Late 2024 (4)}) 13... e6 $146 ({RR} 13... Nd7 14. Qd2 Re8 15. b3 Qa5 16. Red1 Nc5 17. Rb1 Ne6 18. b4 Qh5 19. Nde2 b5 20. Ng3 Qh4 21. c5 dxc5 22. bxc5 Red8 23. Qe1 Rxd1 24. Rxd1 b4 25. Nd5 Bxd5 26. Rxd5 a5 27. Qd1 Bh6 28. Bf2 {½-½ Perez Ponsa,F (2532)-Timofeev,A (2567) Airthings Masters Play-In 2023 (7)}) 14. b3 b6 15. Qd2 Ba8 16. Red1 Qc7 17. Bh6 Bxh6 18. Qxh6 Rfd8 19. Kh1 Qc5 20. Na4 Qa5 21. Nc3 Qe5 22. Qd2 Rb8 23. a4 Rbc8 24. Re1 Kg7 25. Rcd1 h6 26. Ra1 Qg5 27. Qb2 Qe5 28. Rad1 h5 29. Qf2 h4 30. f4 Qh5 31. Rd3 d5 32. cxd5 exd5 33. e5 Ne4 34. Qb2 Kg8 35. e6 f6 36. Kg1 Re8 37. f5 gxf5 38. Rf1 f4 39. Nce2 Rc7 40. Nxf4 Qe5 41. Qe2 Rg7 42. Qh5 Qxh5 43. Nxh5 Rg6 44. Rh3 Bb7 45. Rxh4 Rc8 46. Rhf4 1-0

[Event "45th Olympiad 2024"]
[Site "Budapest HUN"]
[Date "2024.09.15"]
[Round "5.26"]
[Board "4"]
[White "Kanep, Meelis"]
[Black "Mastrovasilis, Dimitrios"]
[Result "1/2-1/2"]
[WhiteElo "2367"]
[BlackElo "2550"]
[PlyCount "81"]
[EventDate "2024.09.11"]
[WhiteTeam "Estonia"]
[BlackTeam "Greece"]
[WhiteTeamCountry "EST"]
[BlackTeamCountry "GRE"]

1. d4 d5 2. c4 e6 3. Nc3 Nf6 4. cxd5 exd5 5. Bg5 Bb4 6. e3 h6 7. Bxf6 Qxf6 8. Qa4+ Nc6 9. Bb5 O-O 10. Nge2 a5 ({RR} 10... Bxc3+ 11. bxc3 Ne7 12. O-O Bf5 13. Ng3 Bg6 14. Be2 c5 15. Qb5 Qb6 16. a4 c4 17. Ra2 Qxb5 18. axb5 a5 19. bxa6 Rxa6 20. Rb2 Rb8 21. h4 b5 22. h5 Bh7 23. Bf3 Ra3 24. Rc1 Kf8 25. Ne2 {0-1 Grigoryan,K (2626)-Maghsoodloo,P (2716) TCh-FRA Top 16 Haute 2023 (3.4)}) ({RR} 10... Bxc3+ 11. bxc3 Ne7 12. O-O Qd6 13. Bd3 c5 14. Qa3 b6 15. Rab1 Rd8 16. dxc5 Qxc5 17. Qxc5 bxc5 18. Rfd1 Be6 19. Rb7 Kf8 20. Nf4 Rdb8 21. Rdb1 Rxb7 22. Rxb7 Bc8 23. Rb2 c4 24. Bc2 g5 25. Ne2 {½-½ Pruijssers,R (2537)-Kopylov,D (2346) Jubilaeumsturnier 125 2024 (2.6)}) 11. a3 Bxc3+ 12. bxc3 Ne7 13. Bd3 $146 ({RR} 13. O-O Bf5 14. Ng3 c6 15. Nxf5 Nxf5 16. Be2 b5 17. Qc2 a4 18. Bd3 Nd6 19. f3 Nc4 20. Bxc4 bxc4 21. Rab1 Rfb8 22. Rxb8+ Rxb8 23. Qxa4 Rb3 24. e4 Rxc3 25. Rd1 Qg5 26. h3 dxe4 27. fxe4 Rxh3 {0-1 Holt,C (2540)-Makarian,R (2562) Titled Tue 21st Feb Late 2023 (6)}) 13... Nf5 14. O-O Nd6 15. Qc2 Bf5 16. Ng3 Bxd3 17. Qxd3 Rfe8 18. a4 Re7 19. Rfe1 Rae8 20. Nf1 Ne4 21. Ra2 b6 22. Ng3 Nd6 23. Rae2 Qg5 24. Nf1 Re6 25. Nd2 Qe7 26. c4 dxc4 27. Nxc4 Qd7 28. Nxd6 Rxd6 29. Qb3 Rd5 30. h3 Re6 31. Kh2 c5 32. dxc5 Rxc5 33. Rd1 Rd6 34. Ree1 Qc6 35. Kg1 Qd7 36. Rxd6 Qxd6 37. Rd1 Qc7 38. g3 g6 39. Rd4 h5 40. Qd3 Rc1+ 41. Kg2 1/2-1/2

[Event "45th Olympiad 2024"]
[Site "Budapest HUN"]
[Date "2024.09.15"]
[Round "5.27"]
[Board "1"]
[White "Murphy, Conor E"]
[Black "Bjerre, Jonas Buhl"]
[Result "0-1"]
[WhiteElo "2453"]
[BlackElo "2648"]
[PlyCount "88"]
[EventDate "2024.09.11"]
[WhiteTeam "Ireland"]
[BlackTeam "Denmark"]
[WhiteTeamCountry "IRL"]
[BlackTeamCountry "DEN"]

1. e4 e5 2. Nf3 Nc6 3. Bc4 d6 4. O-O Be7 5. d4 Nf6 6. Re1 Bg4 7. d5 Nd4 8. Nbd2 c6 9. h3 Bh5 $146 ({RR} 9... Nxf3+ 10. Nxf3 cxd5 11. exd5 Bxf3 12. Qxf3 O-O 13. Bd3 Nd7 14. c4 g6 15. Bh6 Re8 16. Bf5 Bf8 {½-½ Remizov,Y (2446)-Zvjaginsev,V (2574) Aeroflot Open A 2024 (7.13)}) 10. dxc6 bxc6 11. c3 Nxf3+ 12. Nxf3 O-O 13. Bg5 Nd7 14. Bxe7 Qxe7 15. Be2 Nc5 16. Nd4 exd4 17. Bxh5 dxc3 18. bxc3 Qe5 19. Bf3 Qxc3 20. e5 dxe5 21. Rc1 Qb4 22. Qd6 Na6 23. Qxc6 Qa3 24. Re3 Qa5 25. Qxa8 Rxa8 26. Bxa8 g6 27. a3 Nc7 28. Bc6 Ne6 29. Rce1 f6 30. Rb1 Nd4 31. Ba8 Kg7 32. g3 f5 33. Bg2 e4 34. g4 Kf6 35. Rb7 Qd2 36. Rb1 Ne2+ 37. Kf1 Nc3 38. Rb8 f4 39. Re1 Qd6 40. Rb4 f3 41. Kg1 Ne2+ 42. Kh1 fxg2+ 43. Kxg2 Nf4+ 44. Kg1 Nxh3+ 0-1

[Event "45th Olympiad 2024"]
[Site "Budapest HUN"]
[Date "2024.09.15"]
[Round "5.27"]
[Board "2"]
[White "Andersen, Mads"]
[Black "Baburin, Alexander"]
[Result "1-0"]
[WhiteElo "2598"]
[BlackElo "2376"]
[PlyCount "83"]
[EventDate "2024.09.11"]
[WhiteTeam "Denmark"]
[BlackTeam "Ireland"]
[WhiteTeamCountry "DEN"]
[BlackTeamCountry "IRL"]

1. e4 Nf6 2. e5 Nd5 3. c4 Nb6 4. d4 d6 5. f4 Bf5 6. Nc3 e6 7. Nf3 Be7 ({RR} 7... Nc6 8. Be3 d5 9. c5 Nc4 10. Bf2 Nxb2 11. Qb3 Nc4 12. Bxc4 dxc4 13. Qxb7 Na5 14. Qb5+ c6 15. Qa4 Bd3 16. Bh4 Qc7 17. Kf2 Rb8 18. Rhd1 h6 19. Kg1 Be7 20. Bxe7 Kxe7 21. Ne1 Bf5 22. Nc2 {½-½ Carlsen,M (2832)-Firouzja,A (2767) SpeedChess Final 2024 (2.21)}) ({RR} 7... Na6 8. a3 c5 9. Be3 Be7 10. Be2 O-O 11. Nb5 d5 12. dxc5 Nxc4 13. Bxc4 dxc4 14. Nd6 Bd3 15. b4 f6 16. Nd4 fxe5 17. Nxe6 Bh4+ 18. g3 Qe7 19. f5 Rxf5 20. Nxf5 Bxf5 21. O-O Bxe6 22. gxh4 {1-0 O'Gorman,T (2368)-Baburin,A (2416) IRL-ch 100th 2021 (6)}) 8. Bd3 ({RR} 8. Be3 O-O 9. Be2 d5 10. c5 Nc4 11. Bxc4 dxc4 12. d5 exd5 13. Qxd5 Bd3 14. Qxb7 Nd7 15. Nd5 Bxc5 16. Bxc5 Nxc5 17. Qc6 Ne4 18. b3 Rb8 19. Rd1 Bc2 20. Nf6+ gxf6 21. Rxd8 Rfxd8 22. O-O c3 {0-1 Eilenberg,J (2303)-Bartel,M (2650) Titled Tue 19th Mar Early 2024 (11)}) 8... Bg4 9. h3 $146 ({RR} 9. Be4 d5 10. cxd5 exd5 11. Bb1 Nc6 12. O-O Qd7 13. h3 Bf5 14. Bxf5 Qxf5 15. g4 Qd7 16. f5 O-O-O 17. Ne1 f6 18. e6 Qe8 19. Bf4 Bd6 20. Ne2 g6 21. Bxd6 Rxd6 22. Ng2 gxf5 23. gxf5 Qh5 {1-0 Dabo Peranic,R (2313)-Paroski,S (2147) Vojvodina-ch 1st 2010 (4)}) ({RR} 9. Be3 O-O 10. O-O dxe5 11. fxe5 f6 12. Qc2 f5 13. d5 exd5 14. cxd5 Nxd5 15. Nxd5 {1-0 Shneider,A (2093)-Gomboev,I (1767) Irkutsk Anufriev Memorial 2008 (7)}) ({RR} 9. Be3 Bh4+ 10. g3 Be7 11. O-O dxe5 12. fxe5 Nc6 13. Ne2 O-O 14. a3 f6 15. Qd2 fxe5 16. Nxe5 Nxe5 17. dxe5 c5 18. Qc2 h6 19. Bh7+ Kh8 20. Nf4 Bf5 21. Bxf5 Rxf5 22. Nxe6 Rxf1+ 23. Rxf1 Qg8 {1-0 Lewandowski,W (1356)-Bujalski,M (1502) POL-chT U19 2nd League 2015 (11.22)}) 9... Bxf3 10. Qxf3 dxe5 11. dxe5 Nc6 12. O-O Qd4+ 13. Kh1 O-O-O 14. Rd1 Nxc4 15. Qe2 N6a5 16. Bg6 Qb6 17. Bxf7 Rxd1+ 18. Qxd1 Rf8 19. Bh5 g5 20. Bg4 Kb8 21. Na4 Qf2 22. b3 Rd8 23. Qg1 Qc2 24. bxc4 Qxa4 25. fxg5 Nxc4 26. Bf4 Nd2 27. Be3 Ne4 28. Bxe6 Bxg5 29. Bxg5 Nxg5 30. Bb3 Qf4 31. Re1 Ne4 32. Qe3 Ng3+ 33. Kg1 Qh4 34. e6 Nf5 35. Qe5 Ne7 36. Rf1 a6 37. Rf7 Rg8 38. Kh2 Rg5 39. Rf8+ Ka7 40. Qxc7 Nc6 41. Rf7 Nd8 42. e7 1-0

[Event "45th Olympiad 2024"]
[Site "Budapest HUN"]
[Date "2024.09.15"]
[Round "5.27"]
[Board "3"]
[White "Kanyamarala, Tarun"]
[Black "Olsen, Filip Boe"]
[Result "1/2-1/2"]
[WhiteElo "2361"]
[BlackElo "2441"]
[PlyCount "57"]
[EventDate "2024.09.11"]
[WhiteTeam "Ireland"]
[BlackTeam "Denmark"]
[WhiteTeamCountry "IRL"]
[BlackTeamCountry "DEN"]

1. d4 d5 2. c4 e6 3. Nc3 Nf6 4. Bg5 dxc4 5. e3 c5 6. Bxc4 cxd4 7. exd4 Be7 8. Nf3 O-O 9. O-O Nc6 10. a3 a6 11. Rc1 b5 12. Ba2 Bb7 13. Bxf6 Bxf6 14. d5 exd5 15. Bxd5 Na5 16. Bxb7 Nxb7 17. Rc2 $146 ({RR} 17. b4 Bxc3 18. Rxc3 Qf6 19. Qd4 Qxd4 20. Nxd4 Rfd8 21. Nc6 Rd7 22. g3 g6 23. Re1 Kg7 24. Rf3 Nd6 25. Rd1 Rc8 26. Na5 Kf8 27. Rfd3 Ke7 28. Nb3 Rdd8 29. Nc5 Nc4 30. Re1+ Kf8 31. Rxd8+ Rxd8 {½-½ Thiel,T (2148)-Nasybullina,A (2045) Titled Tue 8th Aug Late 2023 (7)}) 17... Qxd1 18. Rxd1 Rac8 19. Rdc1 Rfd8 20. Kf1 Rc4 21. b3 Rg4 22. h3 Rf4 23. Re1 Bxc3 24. Rxc3 Na5 25. Rd3 Rc8 26. Rc3 Rd8 27. Rd3 Rc8 28. Rc3 Rd8 29. Rd3 1/2-1/2

[Event "45th Olympiad 2024"]
[Site "Budapest HUN"]
[Date "2024.09.15"]
[Round "5.27"]
[Board "4"]
[White "Ramsdal, Jens Albert"]
[Black "O'Gorman, Tom"]
[Result "1/2-1/2"]
[WhiteElo "2328"]
[BlackElo "2353"]
[PlyCount "27"]
[EventDate "2024.09.11"]
[WhiteTeam "Denmark"]
[BlackTeam "Ireland"]
[WhiteTeamCountry "DEN"]
[BlackTeamCountry "IRL"]

1. d4 d5 2. c4 e6 3. Nf3 Nf6 4. g3 Bb4+ 5. Bd2 a5 6. Qc1 O-O 7. Bg2 Be7 8. O-O c6 9. Bf4 Nbd7 10. Rd1 Nh5 11. Bd2 Nhf6 12. Bf4 Nh5 13. Bd2 Nhf6 14. Bf4 $146 ({RR} 14. Be1 b5 15. c5 b4 16. Qc2 Ba6 17. a3 b3 18. Qxb3 Bxe2 19. Rc1 Rb8 20. Qc2 Bxf3 21. Bxf3 e5 22. Bc3 e4 23. Be2 Ne8 24. Qa4 Qc8 25. Nd2 f5 26. Nb3 Bd8 27. Nxa5 Bxa5 28. Qxa5 f4 {0-1 Sadhwani,R (2616)-Oparin,G (2681) Chess.com Rapid Wk3 Swiss 2022 (4)}) 1/2-1/2

[Event "45th Olympiad 2024"]
[Site "Budapest HUN"]
[Date "2024.09.15"]
[Round "5.28"]
[Board "1"]
[White "Fawzy, Adham"]
[Black "Meshkovs, Nikita"]
[Result "1/2-1/2"]
[WhiteElo "2507"]
[BlackElo "2534"]
[PlyCount "44"]
[EventDate "2024.09.11"]
[WhiteTeam "Egypt"]
[BlackTeam "Latvia"]
[WhiteTeamCountry "EGY"]
[BlackTeamCountry "LAT"]

1. e4 e5 2. Nf3 Nc6 3. Bb5 a6 4. Ba4 Nf6 5. O-O Nxe4 6. d4 Be7 7. Re1 b5 8. Rxe4 d5 9. Nxe5 Nxe5 10. Rxe5 bxa4 11. Nc3 O-O 12. Re1 a3 $146 ({RR} 12... Bd6 13. Qf3 Qh4 14. g3 Qxd4 15. Qxd5 Qxd5 16. Nxd5 Be6 17. Nc3 a3 18. bxa3 Rab8 19. Rb1 Rxb1 20. Nxb1 Bf5 21. Re2 f6 22. Nc3 Be5 23. Nd5 Bg4 24. Re1 Rd8 25. Ne7+ Kf8 26. Nc6 Bc3 27. Nxd8 {0-1 Leitgeb,J (2328)-Stefansson,V (2492) Ceske Budejovice GMB 2024 (4.3)}) ({RR} 12... Bd6 13. Qh5 a3 14. Nxd5 axb2 15. Bxb2 Rb8 16. Rab1 Re8 17. Ne3 Bf4 18. d5 Rb4 19. c4 Bxe3 20. Rxe3 Rxe3 21. fxe3 Rxc4 22. Bd4 c5 23. Ba1 f6 24. h3 Qe7 25. Qf3 h6 26. Re1 Re4 27. Kf2 {½-½ Caruana,F (2819)-Carlsen,M (2875) Croatia GCT Zagreb 2019 (3)}) ({RR} 12... Bb4 13. Qf3 Qh4 14. a3 Bd6 15. h3 Qxd4 16. Qxd5 Qxd5 17. Nxd5 Bb7 18. Ne7+ Bxe7 19. Rxe7 {½-½ Stefansson,H (2517)-Pavlidis,A (2536) Pardubice Czech op-A 32nd 2021 (5)}) 13. Nxd5 Qxd5 14. Rxe7 Bh3 15. Qf3 Qxf3 16. gxf3 Rae8 17. Re3 Re6 18. b3 Rg6+ 19. Kh1 Bg2+ 20. Kg1 Bh3+ 21. Kh1 Bg2+ 22. Kg1 Bh3+ 1/2-1/2

[Event "45th Olympiad 2024"]
[Site "Budapest HUN"]
[Date "2024.09.15"]
[Round "5.28"]
[Board "2"]
[White "Kantans, Toms"]
[Black "Wageih, Kareim"]
[Result "1-0"]
[WhiteElo "2486"]
[BlackElo "2402"]
[PlyCount "107"]
[EventDate "2024.09.11"]
[WhiteTeam "Latvia"]
[BlackTeam "Egypt"]
[WhiteTeamCountry "LAT"]
[BlackTeamCountry "EGY"]

1. e4 c6 2. d4 d5 3. e5 Bf5 4. Nf3 e6 5. Be2 Nd7 6. O-O h6 7. Nbd2 Ne7 8. Nb3 g5 9. a4 Bg7 10. a5 a6 ({RR} 10... O-O 11. c3 b6 12. Be3 Qc7 13. Ne1 f6 14. exf6 Nxf6 15. f4 g4 16. Nd3 h5 17. Ne5 Ne4 18. Nd2 c5 19. axb6 axb6 20. Qb3 Nxd2 21. Bxd2 Nc6 22. Qb5 Nxe5 23. dxe5 Ra5 24. Rxa5 bxa5 25. c4 {0-1 Sethuraman,S (2637)-Iturrizaga Bonelli,E (2639) Dubai op 21st 2019 (7)}) 11. Bd2 Ng6 12. Ne1 h5 13. Bxh5 $146 ({RR} 13. Bd3 Bxd3 14. Nxd3 g4 15. Bb4 Bf8 16. Bxf8 Rxf8 17. Qd2 Rg8 18. Qb4 Rb8 19. Qd6 Qe7 20. Nbc5 Qxd6 21. exd6 Nxc5 22. Nxc5 Nf8 23. f4 Nd7 24. f5 Nxc5 25. dxc5 e5 26. f6 Rg5 27. Ra3 Kd7 {0-1 Sjugirov,S (2695)-Tarhan,A (2420) Titled Tue 9th Jan Late 2024 (5)}) 13... g4 14. Bxg4 Qh4 15. h3 O-O-O 16. Nf3 Qe7 17. Bxf5 exf5 18. Re1 f4 19. Qe2 Ndf8 20. Nc5 Ne6 21. Bb4 Nh4 22. Nxe6 Qxe6 23. Ng5 Qg6 24. Qg4+ Nf5 25. Nf3 Qe6 26. Qxf4 Bh6 27. Qh2 Rdg8 28. Kf1 Bg7 29. Ra3 Bh6 30. Rd3 Rh7 31. g4 Ne7 32. Bxe7 Qxe7 33. c3 Qc7 34. b4 Bf8 35. Qg2 Be7 36. Ng1 f5 37. exf6 Bxf6 38. Rf3 Be7 39. Rf5 Bd6 40. Qf3 Kb8 41. Rf6 Ka7 42. Re3 Rgg7 43. Kg2 Qd7 44. Qf5 Qd8 45. Nf3 Be7 46. Rfe6 Rf7 47. Qe5 Qf8 48. Qg3 Qg7 49. g5 Bd8 50. g6 Bc7 51. Ne5 Rf5 52. gxh7 Rg5 53. Qxg5 Qxg5+ 54. Ng4 1-0